| 000 | 00797nam a2200253Ia 4500 | ||
|---|---|---|---|
| 003 | OSt | ||
| 005 | 20220918165859.0 | ||
| 006 | a|||||r|||| 00| 0 | ||
| 007 | ta | ||
| 008 | 220917b |||||||| |||| 00| 0 eng d | ||
| 020 |
_a8177291009 (pbk) _c700 |
||
| 024 | _a267,903 | ||
| 037 |
_b198/2011-12, 16/03/2012, Pioneer Book Distributors _cTextual |
||
| 040 |
_aARTS _cARTS _beng |
||
| 041 |
_2eng _aeng |
||
| 082 | _a2:51, P9 | ||
| 100 |
_aBajpai S K _924926 |
||
| 245 | 0 |
_aCosmos bookhive's UGC-NET/SLET _b Library and information science |
|
| 260 |
_aNew Delhi _bCosmos Bookhive Indfia _c2009 |
||
| 300 |
_a477p. _ccm. |
||
| 650 | _aLIBRARY SCIENCE | ||
| 942 |
_h2:51, P9 _cTEXL _2CC |
||
| 999 |
_c131517 _d131517 |
||